书目信息 |
| 题名: |
中国书法大系
|
|
| 作者: | 黄庭坚 书 ;鲍春艳 主编 | |
| 分册: | 黄庭坚 | |
| 出版信息: | 长春 吉林美术出版社 2014 |
|
| 页数: | 127页 | |
| 开本: | 35cm | |
| 丛书名: | ||
| 单 册: | ||
| 中图分类: | J292.21 , J292.25 | |
| 科图分类: | ||
| 主题词: | 法书--作品集--中国 , 法书--中国--北宋 | |
| 电子资源: | ||
| ISBN: | 978-7-5386-8769-9 | |
| 000 | 00753nam0 2200265 450 | |
| 001 | 339805 | |
| 005 | 20150608154515.04 | |
| 010 | @a978-7-5386-8769-9@dCNY78.00 | |
| 100 | @a20141220d2014 em y0chiy50 ea | |
| 101 | 0 | @achi |
| 102 | @aCN@b220000 | |
| 105 | @ay z 000yd | |
| 106 | @ad | |
| 200 | 1 | @a中国书法大系@Azhong guo shu fa da xi@i黄庭坚@f鲍春艳主编 |
| 210 | @a长春@c吉林美术出版社@d2014 | |
| 215 | @a127页@d35cm | |
| 304 | @a本书无题名页,依封面著录 | |
| 606 | 0 | @a法书@x作品集@y中国 |
| 606 | 0 | @a法书@y中国@z北宋 |
| 690 | @aJ292.21@v5 | |
| 690 | @aJ292.25@v5 | |
| 701 | 0 | @c(宋)@a黄庭坚@Ahuang ting jian@f(1045 1105)@4书 |
| 702 | 0 | @a鲍春艳@Abao chun yan@4主编 |
| 801 | 0 | @aCN@b卓展宏图@c20150525 |
| 905 | @dJ292.21@e551:3@f3 | |
| 中国书法大系.黄庭坚/鲍春艳主编.-长春:吉林美术出版社,2014 |
| 127页;35cm |
| ISBN 978-7-5386-8769-9:CNY78.00 |
| ● |
| 相关链接 |
|
|
|
|
正题名:中国书法大系
索取号:J292.21/551:3
 
预约/预借
| 序号 | 登录号 | 条形码 | 馆藏地/架位号 | 状态 | 备注 |
| 1 | 864110 | 208641102 | 第一样本阅览室/ [索取号:J292.21/551:3] | 在馆 | |
| 2 | 864111 | 208641111 | 第一借阅区/ [索取号:J292.21/551:3] | 在馆 | |
| 3 | 864112 | 208641120 | 美术系资料室/ [索取号:J292.21/551:3] | 在馆 |